000 00828nam a22001337a 4500
040 _cRUA
082 _aLMA VAN 2024 B1-398 Or.1
100 _aVANNA SOCHEATA វណ្ណា សុជាតា
245 _aSTUDY ON INENTIFYING THE REAL ESTATE RIGHTS IN THE SYSTEMATIC LAND REGISTERATION SAMRONG DISTRICT, TAKEO PROVINCE សិក្សាអំពីការកំណត់សិទ្ធិលើអចលនវត្ថុនៅក្នុងការចុះបញ្ជីដីធ្លីមានលក្ខណៈជាប្រព័ន្ធ ស្ថិតក្នុងស្រុកសំរោង ខេត្តតាកែវ
260 _aRUA
_bPHNOM PENH
_c2024
300 _ax
_bill
_c29cm
856 _uhttps://drive.google.com/file/d/1rmsiuCxaUHqNjWDh5BdR7i-cM7--R1p2/view?usp=sharing
942 _cLMA
999 _c24936
_d24936